Edición y subversión : literatura clandestina en el antiguo régimen /

La figura del philosophe surgida en Francia a principios del siglo XVIII generó la aparición de una multitud de escritores de fortuna que de modo clandestino, por iniciativa propia o al servicio de terceros, produjeron una abundante cantidad de libelos contra las clases dominantes que, a la larga, t...

Full description

Bibliographic Details
Main Author: Darnton, Robert 1939-
Format: Libro
Language:Spanish
Published: Madrid Turner 2003
Edition:1a. ed.
Series:Noema 31
Subjects:

MARC

LEADER 00000cam a2200000 a 4500
001 022974
003 UAHC_CL
005 20170803122206.0
008 090714s2003 sp 000 spa
020 |z 8475065296 
040 |a UAHC_CL  |c UAHC_CL  |d UAHC_CL 
082 0 4 |a 944.042  |b D223  |2 21 
100 1 |a Darnton, Robert  |d 1939- 
245 1 0 |a Edición y subversión :  |b literatura clandestina en el antiguo régimen /  |c Robert Darnton ; traducción de Laura Vidal. 
250 |a 1a. ed. 
260 |b Turner  |a Madrid  |c 2003 
300 |a 269 p. 
490 0 |a Noema  |v 31 
520 |a La figura del philosophe surgida en Francia a principios del siglo XVIII generó la aparición de una multitud de escritores de fortuna que de modo clandestino, por iniciativa propia o al servicio de terceros, produjeron una abundante cantidad de libelos contra las clases dominantes que, a la larga, tendrían una enorme importancia en la revolución de 1789. Darnton, gran especialista en la vida intelectual del Antiguo Régimen, nos acerca a ese universo radical, crudo y visionario, lleno de inteligencia filosófica y perspicacia política. 
650 4 |a LITERATURA CLANDESTINA  |z FRANCIA 
651 4 |a FRANCIA  |x HISTORIA  |y REVOLUCION, 1789-1799 
653 |a LICENCIATURA EN HISTORIA 
900 |a 944.042 DAR 
942 |c BK 
952 |0 0  |1 0  |4 0  |6 944_042000000000000_DAR  |7 0  |8 General  |9 45794  |a BC  |b BC  |c General  |d 2017-08-03  |l 0  |o 944.042 DAR  |p 1371806  |r 2026-01-13 00:00:00  |t 1  |w 2017-08-03  |y BK 
999 |c 22974  |d 22974